00721 2200181 4500245016700000020002200167250001100189700000900200700003000209100010500239650002500344005001900369260009500388041001400483084001000497300002300507336000900530 aBuku Bahan Pengajaran ASEAN bagi Pendidikan MenengahcTim Penyusun Kementerian Luar Negeri RI & Kementerian Pendidikan, Kebudayaan, Riset, dan Teknologi RI.hText a978-623-92944-1-0 aCet. 1 aLisa aTim SGP dan Media Grafika aTim Penyusun Kementerian Luar Negeri RI & Kementerian Pendidikan, Kebudayaan, Riset, dan Teknologi R aBuku Pelajaran ASEAN a20240926112619 aJakartabKementerian Pendidikan, Kebudayaan, Riset, dan Teknologi Republik Indonesiac2021 aIndonesia a371.3 a176 hlm. :c29 cm. atext